| 000 | 00474nam a2200181Ia 4500 | ||
|---|---|---|---|
| 003 | GCL | ||
| 005 | 20240530100426.0 | ||
| 008 | 140319s9999 xx 000 0 eng d | ||
| 040 |
_aGCL / _cGCL |
||
| 082 | 0 | 4 |
_a792 _bB T |
| 100 | 1 | _aKLEBERG, LARS | |
| 245 | 1 | 0 |
_aTHEATRE AS ACTION: SOVIET RUSSIAN AVANT - GARDE AESTHETICS / _cKLEBERG, LARS |
| 260 |
_a[S.N] : _bMACNILLAN ، _c1993 |
||
| 650 | 0 | 4 | _aARTS |
| 650 | 0 | 4 | _aDRAMA |
| 700 | 1 | _aROUYLE, CHARLER | |
| 942 |
_2ddc _cBK |
||
| 999 |
_c17585 _d17585 |
||